[Event "North American-ch U20"]
[Site "Dulles"]
[Date "2023.12.20"]
[Round "4"]
[White "Hebbar, Eshaan"]
[Black "Kung, Thomas"]
[Result "1/2-1/2"]
[WhiteElo "2006"]
[BlackElo "2222"]
[PlyCount "83"]
[EventDate "2023.12.19"]
[EventType "swiss"]
[EventRounds "9"]
[EventCountry "USA"]
[SourceTitle "CB52_2023"]
[SourceDate "2023.12.27"]
[SourceVersion "1"]
[SourceVersionDate "2023.12.27"]
[SourceQuality "1"]

1. d4 d5 2. c4 c6 3. Nc3 Nf6 4. e3 Bf5 5. cxd5 cxd5 6. Qb3 Nc6 7. Qxb7 Bd7 8. Qb3 Rb8 9. Qd1 e5 10. Nf3 Bd6 11. dxe5 Nxe5 12. Be2 Nxf3+ 13. Bxf3 Qc7 14. h3 0-0 15. 0-0 Rfd8 16. Qd3 Bh2+ 17. Kh1 Be5 18. Rd1 Ne4 19. Bxe4 dxe4 20. Qc2 Bb5 21. Rxd8+ Rxd8 22. Bd2 Bd3 23. Qa4 Qe7 24. Rc1 Bb8 25. Qa5 Qd6 26. g3 Rc8 27. Qd5 Qe7 28. Qf5 Qd8 29. Nd5 Rxc1+ 30. Bxc1 g6 31. Qd7 Qxd7 32. Nf6+ Kg7 33. Nxd7 Bd6 34. Bd2 f5 35. Bc3+ Kf7 36. Ne5+ Bxe5 37. Bxe5 Be2 38. Bd4 a6 39. Kg2 Ke6 40. Kh2 Kd5 41. Kg1 Kc4 42. Kg2 1/2-1/2

[Event "US op 123nd"]
[Site "Grand Rapids"]
[Date "2023.08.06"]
[Round "9"]
[White "Hebbar, Eshaan"]
[Black "Gurevich, Dmitry"]
[Result "0-1"]
[WhiteElo "1959"]
[BlackElo "2371"]
[PlyCount "66"]
[EventDate "2023.07.29"]
[EventType "swiss"]
[EventRounds "9"]
[EventCountry "USA"]
[SourceTitle "CBM 215 Extra"]
[Source "ChessBase"]
[SourceDate "2023.09.30"]
[SourceVersion "1"]
[SourceVersionDate "2023.09.30"]
[SourceQuality "1"]

1. d4 Nf6 2. c4 e6 3. Nf3 a6 4. Nc3 c5 5. d5 b5 6. cxb5 axb5 7. dxe6 fxe6 8. Nxb5 d5 9. e3 Be7 10. Be2 Nc6 11. Nc3 0-0 12. 0-0 Bb7 13. Qb3 Rb8 14. Rd1 Qc7 15. Qc2 Rbd8 16. Ng5 Nb4 17. Qb1 Qb6 18. a3 Na6 19. b4 c4 20. Na4 Qb5 21. Qc2 Nc7 22. Nc3 Qe8 23. Bb2 e5 24. e4 d4 25. Bxc4+ Kh8 26. Nd5 Nfxd5 27. Bxd5 Nxd5 28. Ne6 Qg6 29. Nxf8 Rxf8 30. Re1 Bh4 31. g3 Nf4 32. Kh1 d3 33. Qc4 Ne2 0-1

[Event "Charlotte Carolinas op"]
[Site "Charlotte"]
[Date "2023.06.10"]
[Round "3"]
[White "Panchanathan, Magesh Chandran"]
[Black "Hebbar, Eshaan"]
[Result "1-0"]
[WhiteElo "2466"]
[BlackElo "2057"]
[PlyCount "121"]
[EventDate "2023.06.09"]
[EventType "swiss"]
[EventRounds "5"]
[EventCountry "USA"]
[SourceTitle "CBM 214 Extra"]
[Source "ChessBase"]
[SourceDate "2023.07.31"]
[SourceVersion "1"]
[SourceVersionDate "2023.07.31"]
[SourceQuality "1"]

1. c4 c5 2. Nf3 Nf6 3. g3 e6 4. Bg2 d5 5. cxd5 exd5 6. d4 Nc6 7. 0-0 Be6 8. Nc3 Be7 9. Bf4 0-0 10. dxc5 Bxc5 11. Rc1 Qe7 12. Na4 Bd6 13. Bxd6 Qxd6 14. Nd4 Rac8 15. Nxc6 Rxc6 16. Qd4 b6 17. Rfd1 Rfc8 18. Rxc6 Qxc6 19. Nc3 Qc4 20. Bxd5 Bxd5 21. Nxd5 Qxe2 22. Nxf6+ gxf6 23. Kg2 Rc2 24. Rd3 Rc1 25. Rc3 Qf1+ 26. Kf3 Qh1+ 27. Kg4 Rxc3 28. bxc3 Kg7 29. h4 Qb1 30. a4 h5+ 31. Kf4 a6 32. Qc4 b5 33. axb5 axb5 34. Qd4 Qb2 35. Ke3 Qc1+ 36. Qd2 Qa3 37. Ke2 Qa4 38. Ke3 Qa3 39. Qd4 Qc1+ 40. Kf3 Qh1+ 41. Ke2 Qc1 42. g4 Qc2+ 43. Kf3 hxg4+ 44. Qxg4+ Kh6 45. Qd4 Qf5+ 46. Qf4+ Qxf4+ 47. Kxf4 Kh5 48. Ke4 Kxh4 49. Kd4 Kg4 50. Kc5 Kf3 51. Kxb5 Kxf2 52. c4 f5 53. c5 f4 54. c6 f3 55. c7 Kg2 56. c8Q f2 57. Qg4+ Kf1 58. Kc4 f5 59. Qf3 Ke1 60. Qe3+ Kf1 61. Kd3 1-0

[Event "New York Mem Day 1000 GM IM-B"]
[Site "New York"]
[Date "2023.05.29"]
[Round "8.2"]
[White "Nagy, Gabor"]
[Black "Hebbar, Eshaan"]
[Result "1-0"]
[WhiteElo "2468"]
[BlackElo "1969"]
[PlyCount "85"]
[EventDate "2023.05.25"]
[EventType "schev"]
[EventRounds "9"]
[EventCountry "USA"]
[SourceTitle "CBM 214 Extra"]
[Source "ChessBase"]
[SourceDate "2023.07.31"]
[SourceVersion "1"]
[SourceVersionDate "2023.07.31"]
[SourceQuality "1"]
[WhiteTeam "Team A"]
[BlackTeam "Team C"]
[WhiteTeamCountry "USA"]
[BlackTeamCountry "USA"]

1. c4 c5 2. Nf3 Nf6 3. Nc3 Nc6 4. d4 cxd4 5. Nxd4 g6 6. e4 Bg7 7. Nc2 0-0 8. Be2 d6 9. 0-0 Be6 10. b3 Rc8 11. Bd2 a6 12. Rc1 Nd7 13. Kh1 Nc5 14. f3 f5 15. b4 Nd7 16. exf5 Bxf5 17. Nd5 Nde5 18. Bg5 h6 19. Bh4 g5 20. Bf2 e6 21. Nb6 Rc7 22. Qd2 Rcf7 23. b5 axb5 24. cxb5 Bxc2 25. bxc6 Bg6 26. cxb7 Rxb7 27. Rc8 Qe7 28. Rxf8+ Bxf8 29. a4 Rc7 30. a5 Rc2 31. Qd1 Qc7 32. a6 Ra2 33. Bd4 d5 34. Qc1 Nc6 35. Bb5 Rc2 36. Bxc6 Rxc1 37. Rxc1 Qa7 38. Bb5 e5 39. Bg1 d4 40. Nc8 Qa8 41. a7 Ba3 42. Rc7 d3 43. Nb6 1-0

[Event "New York Mem Day 1000 GM IM-B"]
[Site "New York"]
[Date "2023.05.27"]
[Round "5.3"]
[White "Hebbar, Eshaan"]
[Black "Bortnyk, Mykola"]
[Result "0-1"]
[WhiteElo "1969"]
[BlackElo "2425"]
[PlyCount "72"]
[EventDate "2023.05.25"]
[EventType "schev"]
[EventRounds "9"]
[EventCountry "USA"]
[SourceTitle "CBM 214 Extra"]
[Source "ChessBase"]
[SourceDate "2023.07.31"]
[SourceVersion "1"]
[SourceVersionDate "2023.07.31"]
[SourceQuality "1"]
[WhiteTeam "Team C"]
[BlackTeam "Team A"]
[WhiteTeamCountry "USA"]
[BlackTeamCountry "USA"]

1. d4 d6 2. c4 e5 3. e3 Nd7 4. Nc3 g6 5. Bd3 Bg7 6. Nge2 f5 7. 0-0 Ngf6 8. b4 0-0 9. a4 a5 10. b5 Kh8 11. Ba3 b6 12. Rc1 Bb7 13. Qb3 exd4 14. exd4 Ne4 15. Nxe4 fxe4 16. Bb1 Qh4 17. c5 bxc5 18. dxc5 Ne5 19. Qg3 Qh5 20. Rfe1 Ng4 21. h3 Nxf2 22. Nf4 Qh6 23. Qxf2 Rxf4 24. Qe3 Raf8 25. Re2 Be5 26. c6 Bc8 27. Bxe4 Bg4 28. Rf2 Qg7 29. Rd2 Qf6 30. Qd3 Bxh3 31. gxh3 Rf2 32. Qe3 Rf1+ 33. Kg2 Rxc1 34. Rf2 Qxf2+ 35. Qxf2 Rxf2+ 36. Kxf2 Rc4 0-1

[Event "New York Mem Day 1000 GM IM-B"]
[Site "New York"]
[Date "2023.05.26"]
[Round "3.1"]
[White "Hebbar, Eshaan"]
[Black "Lee, Alice"]
[Result "0-1"]
[WhiteElo "1969"]
[BlackElo "2391"]
[PlyCount "82"]
[EventDate "2023.05.25"]
[EventType "schev"]
[EventRounds "9"]
[EventCountry "USA"]
[SourceTitle "CBM 214 Extra"]
[Source "ChessBase"]
[SourceDate "2023.07.31"]
[SourceVersion "1"]
[SourceVersionDate "2023.07.31"]
[SourceQuality "1"]
[WhiteTeam "Team C"]
[BlackTeam "Team B"]
[WhiteTeamCountry "USA"]
[BlackTeamCountry "USA"]

1. d4 d5 2. c4 c6 3. Nc3 Nf6 4. e3 e6 5. Nf3 Nbd7 6. Qc2 b6 7. cxd5 exd5 8. Bd3 Bb7 9. 0-0 Be7 10. e4 dxe4 11. Nxe4 0-0 12. Ne5 Nxe5 13. dxe5 Nd5 14. Qe2 Nb4 15. Bc4 b5 16. Bb3 c5 17. Rd1 Qc7 18. e6 c4 19. Rd7 Qc6 20. Rxe7 cxb3 21. exf7+ Rxf7 22. Rxf7 Qxe4 23. Qxe4 Bxe4 24. Rc7 Nc2 25. Rxc2 bxc2 26. f3 Bg6 27. Kf2 Rd8 28. Be3 Rd1 29. Rc1 a5 30. h4 Kf7 31. h5 Bd3 32. Kg3 Ke6 33. Kf4 a4 34. b3 a3 35. g3 b4 36. g4 Rxc1 37. Bxc1 Bc4 38. Ke3 Bxb3 39. Kd3 Bxa2 40. f4 Bb3 41. Kd2 h6 0-1

[Event "Wch U12"]
[Site "Batumi"]
[Date "2022.09.27"]
[Round "11"]
[White "Hebbar, Eshaan"]
[Black "Tsoy, Maxim1111"]
[Result "1-0"]
[WhiteElo "1931"]
[BlackElo "1424"]
[PlyCount "45"]
[EventDate "2022.09.16"]
[EventType "swiss"]
[EventRounds "11"]
[EventCountry "GEO"]
[SourceTitle "EXT 2023"]
[Source "ChessBase"]
[SourceDate "2022.10.05"]
[SourceVersion "1"]
[SourceVersionDate "2022.10.05"]
[SourceQuality "1"]

1. c4 Nf6 2. g3 d5 3. cxd5 Nxd5 4. Bg2 g6 5. Nc3 Nxc3 6. bxc3 Bg7 7. Rb1 0-0 8. Nf3 c5 9. 0-0 Nc6 10. e3 c4 11. Nd4 Nxd4 12. exd4 Qc7 13. Rb5 Qd7 14. Rb4 Rb8 15. Rxc4 b5 16. Rc5 b4 17. a3 Ba6 18. Re1 bxc3 19. dxc3 Rfc8 20. Ra5 Bb7 21. Bf4 Ra8 22. a4 Rc4 23. Rc5 1-0

[Event "Wch U12"]
[Site "Batumi"]
[Date "2022.09.25"]
[Round "9"]
[White "Hebbar, Eshaan"]
[Black "Khoury, Theo"]
[Result "1/2-1/2"]
[WhiteElo "1931"]
[BlackElo "1813"]
[PlyCount "122"]
[EventDate "2022.09.16"]
[EventType "swiss"]
[EventRounds "11"]
[EventCountry "GEO"]
[SourceTitle "EXT 2023"]
[Source "ChessBase"]
[SourceDate "2022.10.05"]
[SourceVersion "1"]
[SourceVersionDate "2022.10.05"]
[SourceQuality "1"]

1. d4 d5 2. c4 dxc4 3. e3 Nf6 4. Bxc4 e6 5. Nc3 c5 6. Nf3 Nc6 7. 0-0 Be7 8. d5 exd5 9. Nxd5 Bg4 10. Nxf6+ Bxf6 11. Qb3 Qe7 12. Bd5 0-0 13. e4 Nd4 14. Nxd4 Bxd4 15. Be3 Bxe3 16. Qxe3 Rad8 17. b4 b6 18. bxc5 Qxc5 19. Qxc5 bxc5 20. Rfc1 Rc8 21. Rab1 Be6 22. Rb5 c4 23. Rb4 c3 24. Rb3 c2 25. Rb2 Bxd5 26. exd5 Rc5 27. Rbxc2 Rxd5 28. Rc7 Ra5 29. R1c2 g6 30. g3 Rd8 31. Re2 a6 32. Kg2 Rd6 33. f3 g5 34. Rec2 h6 35. Kh3 Kg7 36. R7c5 Ra3 37. R5c3 Ra4 38. Rc4 Rd4 39. Rxd4 Rxd4 40. Rc3 Ra4 41. a3 Kg6 42. g4 Kf6 43. Re3 Rc4 44. Kg3 a5 45. Rb3 a4 46. Rb6+ Ke5 47. Rxh6 f6 48. Rh8 Rc3 49. Re8+ Kd6 50. Ra8 Rxa3 51. h4 gxh4+ 52. Kxh4 Ra1 53. g5 Rh1+ 54. Kg4 Rg1+ 55. Kf5 fxg5 56. Rxa4 Rg3 57. Ra6+ Kd5 58. Ra5+ Kd4 59. Kg6 Ke3 60. Rxg5 Kxf3 61. Rxg3+ Kxg3 1/2-1/2

[Event "Pan American-ch U12"]
[Site "Montevideo"]
[Date "2022.06.27"]
[Round "3"]
[White "Hebbar, Eshaan"]
[Black "Laura Cabrera, Jhon Magno"]
[Result "1-0"]
[WhiteElo "1779"]
[BlackElo "1356"]
[PlyCount "85"]
[EventDate "2022.06.26"]
[EventType "swiss"]
[EventRounds "9"]
[EventCountry "URU"]
[SourceTitle "EXT 2023"]
[Source "ChessBase"]
[SourceDate "2022.10.05"]
[SourceVersion "1"]
[SourceVersionDate "2022.10.05"]
[SourceQuality "1"]

1. d4 d6 2. c4 g6 3. Nc3 Bg7 4. e4 Nd7 5. Nf3 e5 6. d5 Ne7 7. Be2 h6 8. 0-0 0-0 9. Nd2 f5 10. f3 f4 11. Rb1 Nf6 12. b4 c6 13. Kh1 Nh5 14. Qe1 Bf6 15. Rg1 Nf5 16. exf5 Bh4 17. g3 Bxg3 18. hxg3 fxg3 19. Rxg3 Qh4+ 20. Kg2 Nf4+ 21. Kg1 Rxf5 22. Nde4 Rh5 23. Bxf4 Qh2+ 24. Kf1 Bh3+ 25. Rxh3 Qxh3+ 26. Kf2 exf4 27. Qg1 Qh4+ 28. Kf1 Kf7 29. Nxd6+ Kg7 30. Nde4 Rf8 31. dxc6 bxc6 32. Qxa7+ Rf7 33. Qd4+ Kh7 34. Rd1 g5 35. Qf2 Qh1+ 36. Qg1 Qh4 37. Rd6 Kg7 38. Qd4+ Kg8 39. Rd8+ Kh7 40. Rh8+ Kg6 41. Qd6+ Kf5 42. Ng3+ Qxg3 43. Bd3# 1-0

[Event "Dulles Cherry Blossom op"]
[Site "Dulles"]
[Date "2022.05.27"]
[Round "3"]
[White "Prem, Pranav"]
[Black "Hebbar, Eshaan"]
[Result "1-0"]
[WhiteElo "2017"]
[BlackElo "1742"]
[PlyCount "83"]
[EventDate "2022.05.26"]
[EventType "swiss"]
[EventRounds "9"]
[EventCountry "USA"]
[SourceTitle "CBM 208 Extra"]
[Source "ChessBase"]
[SourceDate "2022.07.31"]
[SourceVersion "1"]
[SourceVersionDate "2022.07.31"]
[SourceQuality "1"]

1. d4 d5 2. c4 c6 3. Nf3 Nf6 4. e3 e6 5. b3 Bd6 6. Bd3 Nbd7 7. Bb2 0-0 8. 0-0 Re8 9. Ne5 Nf8 10. Nd2 N6d7 11. Nxd7 Bxd7 12. e4 dxe4 13. Nxe4 Bc7 14. Re1 Ng6 15. g3 e5 16. Qh5 f6 17. d5 Qc8 18. Nxf6+ gxf6 19. Bxg6 Re7 20. Be4 Ba5 21. Rf1 Bh3 22. dxc6 bxc6 23. Bxc6 Qxc6 24. Qxh3 e4 25. Bd4 Rd8 26. Rad1 Red7 27. Bxf6 Rxd1 28. Qg4+ Kf7 29. Qg7+ Ke6 30. Qe7+ Kf5 31. Qxh7+ Ke6 32. Qe7+ Kf5 33. Qe5+ Kg6 34. Qg5+ Kf7 35. Bxd8 Rxd8 36. Qxa5 Rd7 37. Re1 Qe6 38. Qh5+ Kg7 39. Qg5+ Kh8 40. Qh4+ Kg7 41. Qxe4 Qh6 42. Qg4+ 1-0